00981cam a22002537a 4500003000500000005001700005008004100022010001000063011001000073035001100083040000900094100004300103245021700146260004300363300003100406502009300437650002000530650002900550650001700579650003800596650004100634650002900675650002300704CHAP20220329142835.0040622d2003 mx a r 00110 spa d a88562 a89534 a100085 cCHAP00aSánchez Urdaneta, Adriana Beatríz.10aEfectos del potencial de agua en el crecimiento radical de plántulas C3, C4 y MAC, y de la temperatura en la germinación de semilla de Agave salmiana Otto ex Salm-Dyckc/por Adriana Beatriz Sánchez Urdaneta aMontecillo, Méx. :bEl autor,c2003. a164 h. :bilus. ; gráfs. aTesis (Dra. en Ciencias) -- C.P. Instituto de Recursos Naturales. Programa de Botánica14aAgave salmiana.14aPlantasxAgua requerida.14aPlántulas.14aRelación agua - suelo - planta.14aRelación atmósfera-suelo-planta.14aSemillasxGerminación.14aSuelos y cultivos.